Statistiken für Titel im Text - Deutsche Lieder der 1960er

Klicken Sie hier um das Quiz zu spielen!

Allgemein

  • Dieses Quiz wurde 99 mal gespielt
  • Das Durchschnittsergebnis liegt bei 6 aus 20

Antwortstatistiken

Textquiz% Korrekt
{Marmor}, {Stein} {und} {Eisen} {bricht} / Aber unsere Liebe nicht / Alles, alles geht vorbei / Doch wir sind uns treu
95%
{Rote} {Lippen} {soll} {man} {küssen} / Denn zum Küssen sind sie da
72%
{Ganz} {in} {weiß}, mit einem Blumenstrauß / So siehst du in meinen schönsten Träumen aus
57%
{Liebeskummer} {lohnt} {sich} {nicht}, my darling / Schade um die Tränen in der Nacht /
{Liebeskummer} {lohnt} {sich} {nicht}, my darling / Weil schon Morgen dein Herz darüber lacht
57%
{Zwei} {kleine} {Italiener} / Die träumen von Napoli / Von Tina und Marina / Die warten schon lang auf sie
52%
Auf der Straße nach San Fernando / Da stand ein Mädchen wartend in der heißen Sonne /
Ich hielt an und fragte "Wohin?" / Sie sagte nimm mich bitte mit nach {Mendocino}
51%
{Weiße} {Rosen} {aus} {Athen} / Sagen dir „Komme recht bald wieder“ / Sagen dir „Auf Wiedersehen“ /
{Weiße} {Rosen} {aus} {Athen}
40%
{17} {Jahr}, {blondes} {Haar}, so stand sie vor mir. / {17} {Jahr}, {blondes} {Haar}, wie find ich zu ihr.
34%
{Tanze} {mit} {mir} {in} {den} {Morgen} / Tanze mit mir in das Glück / In deinen Armen zu träumen /
Ist so schön bei verliebter Musik
34%
{Ein} {Schiff} {wird} {kommen}, / und das bringt mir den einen, / den ich so lieb' wie keinen, /
und der mich glücklich macht.
30%
{Es} {geht} {eine} {Träne} {auf} {Reisen}, / Sie geht auf die Reise zu mir, / Der Wind bringt sie mir mit den Wolken /
Und ich weiß, sie kommt nur von dir.
28%
{Schuld} {war} {nur} {der} {Bossa} {Nova} / Was kann ich dafür? / {Schuld} {war} {nur} {der} {Bossa} {Nova} / Bitte glaube mir
22%
{Heißer} {Sand} und ein verlorenes Land / Und ein Leben in Gefahr / {Heißer} {Sand} und die Erinnerung daran /
Dass es einmal schöner war
20%
{Drei} {weiße} {Birken} / In meiner Heimat steh'n. / {Drei} {weiße} {Birken} / Die möcht' ich wiederseh'n.
17%
{Der} {Mann} {im} {Mond} / Der hat es schwer / Denn man verschont / Ihn heut' nicht mehr
14%
{Kleine} {Annabell}, mußt nicht traurig sein / Weil ein Traum Deines Lebens vergeht /
Denn mein Weg führt nun fort in die Fremde / In die Welt, die Dein Herz nicht versteht
9%
{Barcarole} {in} {der} {Nacht} / Du hast Tränen mir gebracht / Er heißt Pierro und es gibt eine and're die er liebt
6%
{Das} {kannst} {du} {mir} {nicht} {verbieten}, / dich zu lieben alle Zeit / ganz genau so wie heut'.
5%
{Du} {sollst} {nicht} {weinen} / Wenn ich einmal von dir gehen muss / Oh, denk nicht dran / Noch ist der Tag so weit
3%
Geh'n sie aus, {vom} {Stadtpark} {die} {Laternen} / Bleibt uns zwei'n der Sternenschein /
Und ich seh' auch ohne die Laternen / Dir ganz tief ins Herz hinein
2%

Verteilung der Resultate

Perzentil nach korrekt beantworteten Fragen

Anzahl Personen mit jedem Resultat

Ihre Resultats-Entwicklung

Sie haben dieses Quiz noch nicht gespielt